40 personnages historiques - Statistiques

Statistiques générales
  • Ce quiz a été pris 4 652 fois
  • Le résultat moyen est 27 sur 40
Statistiques - réponses
Questions Réponses % Correct
A "découvert l'Amérique". Christophe Colomb
93%
Dernière reine d’Égypte. Cléopâtre
93%
A peint "Mona Lisa". Léonard De Vinci
92%
A écrit "les misérables". Victor Hugo
92%
A trouvé le vaccin contre la rage. Louis Pasteur.
88%
A écrit "l’Iliade" et "l'Odyssée". Homere
87%
Premier leader communiste Soviétique. Vladimir Lénine
87%
Surnommée "la pucelle d'Orléans". Jeanne d'Arc
85%
Guide spirituel de l'Inde et du mouvement pour l'indépendance de ce pays. Mahatma Gandhi
85%
Empereur Français,1804-1815. Napoléon
85%
Roi Français couronné en 800. Charlemagne
84%
Auteur de "l'avare" ou "les fourberies de Scapin". Molière
84%
Premier président de la Vème république Française. Charles de Gaulle
83%
Surnommé "le roi soleil". Louis XIV
83%
Épouse de Louis XVI. Marie-Antoinette d'Autriche
83%
Leader Allemand de la seconde guerre mondiale. Adolf Hitler
81%
Il prononce un discours célèbre intitulé "I have a dream". Martin Luther King
80%
Le messie Chrétien. Jésus
79%
Premier ministre britannique pendant la Seconde Guerre mondiale. Winston Churchill
79%
Premier homme sur la lune. Neil Armstrong
78%
A peint "Guernica". Pablo Picasso
76%
Première femme Premier ministre du Royaume-Uni. Margaret Thatcher
69%
Fondateur de l'Islam. Mohamed
69%
A écrit "l'origine des espèces". Charles Darwin
68%
A inventé la mécanique presse d'imprimerie. Johannes Gutenberg
68%
A écrit Hamlet. William Shakespeare
68%
Premier président des États-Unis d'Amérique. Georges Washington
67%
Inventeurs du cinématographe. Auguste et Louis Lumière
60%
Inventeur de la production en série de l'automobile. Henry Ford
60%
Reine d'Angleterre de 1952 à 2022. Elisabeth II
59%
Philosophe avec une célèbre citation "je pense donc je suis". René Descartes
58%
Ses lois du mouvement expliquent comment les planètes bougent. Isaac Newton
53%
Compositeur de "Sonate au clair de lune". Ludwig van Beethoven
53%
Inventeur du phonographe et de l'ampoule à incandescence. Thomas Edison
47%
A mené ses éléphants à travers les alpes. Hannibal
45%
A peint "Le déjeuner sur l'herbe". Édouard Manet
37%
A écrit Oliver Twist. Charles Dickens
30%
Appelé le "Libérateur" de l'Amérique latine. Simón Bolívar
26%
Créateur de Huckleberry Finn. Mark Twain
18%
Aviatrice qui a disparu au-dessus du Pacifique. Amelia Earhart
17%
Aucun quiz correspondant
Distribution des résultats
% des personnes avec chaque résultat
Percentile par nombre de réponses
Votre historique - résultats
Vous n’avez pas pris ce quiz